000 00550nam a2200181 i 4500
001 130955
003 ES-MaACL
007 t|
008 070813s1953 sp ||||1| spa d
100 1 _aWodehouse, P. G.,
_d1881-1975
_9117205
245 1 0 _aEn las redes de Broadway /
_cP. G. Wodehouse ; [traducción de Luis Conde Vélez].
250 _a1ª ed.
260 _aBarcelona :
_bBruguera,
_c1953.
300 _a222 p. ;
_c19 cm.
700 1 _aConde Vélez, Luis.
_940133
852 _aES-MaACL
_jC-6480
_bR.35271
999 _c130955
_d130955